000
00256nam a22001097a 4500
082
_a
541 COL'P
100
_a
COLE, R.H,COES, J.S
_9
56929
245
_a
PHYSICAL PRICIPLES OF CHEMISTRY
260
_a
LONDON
_b
W.H FREEMAN
_c
1964
300
_a
795P
942
_c
BK
999
_c
567246
_d
567246